A strategic view of ICT supported cost management of green buildings in the quantity surveying practice (Record no. 76869)

MARC details
000 -LEADER
fixed length control field 01533nam a2200241 a 4500
008 - FIXED-LENGTH DATA ELEMENTS--GENERAL INFORMATION
fixed length control field 120111s2009 ||||||||||||||||| || u
050 ## - LIBRARY OF CONGRESS CALL NUMBER
Classification number PAPERS/STAFF
100 ## - MAIN ENTRY--PERSONAL NAME
Personal name Keane, Marcus
245 12 - TITLE STATEMENT
Title A strategic view of ICT supported cost management of green buildings in the quantity surveying practice
260 ## - PUBLICATION, DISTRIBUTION, ETC.
Place of publication, distribution, etc. United Kingdom
Name of publisher, distributor, etc. Valerie Robillard
Date of publication, distribution, etc. 2009
300 ## - PHYSICAL DESCRIPTION
Extent Paged
350 ## -
-- 0.00
500 ## - GENERAL NOTE
General note This article was published in the Journal of Financial Management of Property and Construction, Vol, 14. No.1, 2009.
650 ## - SUBJECT ADDED ENTRY--TOPICAL TERM
Topical term or geographic name entry element BUILDINGS--ENVIRONMENTAL ASPECTS
700 ## - ADDED ENTRY--PERSONAL NAME
Personal name Matipa, Wilfred. M
700 ## - ADDED ENTRY--PERSONAL NAME
Personal name Kelliher, Denis
856 ## - ELECTRONIC LOCATION AND ACCESS
Uniform Resource Identifier www.emeraldinsight.com/1366-4387.htm
995 ## -
-- SPECIAL COLLECTIONS
-- 0.00
-- 03008347
-- CBU-MAIN LIBRARY (Kitwe)
-- 1
-- 0.00
-- PAPERS/STAFF/MATIPA
-- 3
-- AVAILABLE
-- Jan 11, 2012
-- 03008347
-- University Collection
995 ## -
-- SPECIAL COLLECTIONS
-- 0.00
-- 03008346
-- CBU-MAIN LIBRARY (Kitwe)
-- 1
-- 0.00
-- PAPERS/STAFF/MATIPA
-- 2
-- AVAILABLE
-- Jan 11, 2012
-- 03008346
-- University Collection
995 ## -
-- SPECIAL COLLECTIONS
-- 0.00
-- 03008349
-- CBU-MAIN LIBRARY (Kitwe)
-- 1
-- 0.00
-- PAPERS/STAFF/MATIPA
-- 5
-- AVAILABLE
-- Jan 11, 2012
-- 03008349
-- University Collection
995 ## -
-- SPECIAL COLLECTIONS
-- 0.00
-- 03008345
-- CBU-MAIN LIBRARY (Kitwe)
-- 1
-- 0.00
-- PAPERS/STAFF/MATIPA
-- 1
-- AVAILABLE
-- Jan 11, 2012
-- 03008345
-- University Collection
995 ## -
-- SPECIAL COLLECTIONS
-- 0.00
-- 03008348
-- CBU-MAIN LIBRARY (Kitwe)
-- 1
-- 0.00
-- PAPERS/STAFF/MATIPA
-- 4
-- AVAILABLE
-- Jan 11, 2012
-- 03008348
-- University Collection
999 ## -
-- 76869
-- 76869
Holdings
Withdrawn status Lost status Source of classification or shelving scheme Damaged status Not for loan Permanent Location Current Location Shelving location Date acquired Total Checkouts Full call number Barcode Date last seen Copy number Price effective from Koha item type
          CBU-MAIN LIBRARY, KITWE. CBU-MAIN LIBRARY, KITWE.   04/25/2023   PAPERS/STAFF/MATIPA 03008347 04/25/2023 1 04/25/2023 SPECIAL COLLECTION
          CBU-MAIN LIBRARY, KITWE. CBU-MAIN LIBRARY, KITWE.   04/25/2023   PAPERS/STAFF/MATIPA 03008346 04/25/2023 2 04/25/2023 SPECIAL COLLECTION
          CBU-MAIN LIBRARY, KITWE. CBU-MAIN LIBRARY, KITWE.   04/25/2023   PAPERS/STAFF/MATIPA 03008349 04/25/2023 3 04/25/2023 SPECIAL COLLECTION
          CBU-MAIN LIBRARY, KITWE. CBU-MAIN LIBRARY, KITWE.   04/25/2023   PAPERS/STAFF/MATIPA 03008345 04/25/2023 4 04/25/2023 SPECIAL COLLECTION
          CBU-MAIN LIBRARY, KITWE. CBU-MAIN LIBRARY, KITWE.   04/25/2023   PAPERS/STAFF/MATIPA 03008348 04/25/2023 5 04/25/2023 SPECIAL COLLECTION